000 00981nam a2200289 a 4500
005 20160109063722.0
008 160109b2004 ck ||||| |||| 00| 0 spa d
040 _aCO-BoIAVH
_cCO-BoIAVH
041 _aspa
090 _aLB
_b05728
111 1 _aTaller de Conservación de la danta de montaña (Tapirus pinchaque)
_cPereira
_doctubre 12-15, 2004
245 1 0 _aTaller de conservación de la danta de montaña (Tapirus pinchaque)
_breporte final
260 _aPereira:
_bCBSG,
_c2004,
300 _a131 páginas.
650 1 4 _aDanta
_xConservación
650 1 4 _aTapirus
650 1 4 _aDanta de montaña
651 _aColombia
_zQuindío
_zSantuario de Flora y Fauna Otún Quimbaya
700 1 _aLizcano, D. J.
700 1 _aMedici, P.
700 1 _aMontenegro, O.
700 1 _aCarrillo, L.
700 1 _aCamacho, A.
700 1 _aMiller, P. S.
942 _cINFORME
_2z
945 _d2010-02-10
999 _c7266
_d7266